| 000 | 00726nam a22002297a 4500 | ||
|---|---|---|---|
| 008 | 240525b mp ||||| |||| 00| 0 mon d | ||
| 020 | _a978-99973-1-840-4 | ||
| 035 | _a25667 | ||
| 040 |
_aОрхон аймгийн нийтийн номын сан _bmon _cMN-UlNLM _dMN-UlNLM _erda |
||
| 041 | _amon | ||
| 042 | _a35914 | ||
| 084 |
_2НСНЗА _a84.5Мо-44 _bН-282 |
||
| 100 | _aНанжид Б., Гантулга Б. | ||
| 245 | 0 | _aНар Сар Рах | |
| 264 |
_aУлаанбаатар _bжангар _c2020 |
||
| 300 | _a28 х. | ||
| 336 |
_2rdacontent _atext _btxt |
||
| 337 |
_2rdamedia _aunmediated _bn |
||
| 338 |
_2rdacarrier _avolume _bnc |
||
| 650 | _aзурагт ном, үлгэр | ||
| 942 |
_2NNA _cBK |
||
| 999 |
_c699355 _d699412 |
||